[Event "Governor's Cup"]
[Site "Saratov RUS"]
[Date "2011.10.18"]
[Round "10"]
[White "Tomashevsky,E"]
[Black "Eljanov,P"]
[Result "*"]
[WhiteElo "2710"]
[BlackElo "2683"]
[EventDate "2011.10.08"]

1. d4 d5 2. c4 c6 3. Nf3 Nf6 4. e3 Bg4 5. h3 Bh5 6. Nc3 e6 7. g4 Bg6 8. Ne5
Nbd7 9. Nxg6 hxg6 10. a3 Be7 11. Qf3 *

[Event "Governor's Cup"]
[Site "Saratov RUS"]
[Date "2011.10.18"]
[Round "10"]
[White "Ponomariov,R"]
[Black "Morozevich,A"]
[Result "*"]
[WhiteElo "2758"]
[BlackElo "2737"]
[EventDate "2011.10.08"]

1. d4 Nf6 2. c4 e6 3. Nf3 d5 4. Nc3 dxc4 5. e4 Bb4 6. Bg5 c5 7. Bxc4 cxd4
8. Nxd4 Bxc3+ 9. bxc3 Qa5 10. Bb5+ Bd7 11. Bxf6 gxf6 12. Bxd7+ Nxd7 13. O-O
Qxc3 14. Qa4 O-O 15. Nxe6 Nb6 16. Qd4 Rfc8 17. Qxc3 Rxc3 18. Nf4 *